000 00989nam a2200253 a 4500
001 000043322
005 20260114102846.0
008 140310s1988 dr 000 0 spa d
040 _aDO-SdBNP
_bspa
_cBNPHU
082 _a150
_bD542e, 1988
100 1 _aDíaz, José V.
_9671
245 1 0 _aElementos de psicología /
_cJosé V. Díaz Esteve.
250 _a2a. ed.
260 _aSanto Domingo :
_bRex,
_c1988.
300 _a224 p. :
_bil. ;
_c22 cm.
500 _aCuarto de bachillerato
500 _aAprobado como texto básico por la Secretaria de Estado de Educación, Bellas Artes y Cultos, diciembre 1986
505 0 _tLa psicología sus inicios y su desarrollo --
_tLa conducta humana y los factores que la determinan --
_tEl aprendizaje humano --
_tLa personalidad --
_tPsicopatología.
590 _aInventariado, 2018/LP
650 0 _aPsicología
_9152
650 4 _aPsicopatología
_9672
650 0 _aConducta (Psicología)
_9673
910 _aValidado. Control de calidad MFF
999 _c42811
_d42811